| 000 | 00816nam a2200241Ia 4500 | ||
|---|---|---|---|
| 001 | 29563 | ||
| 003 | 95073 | ||
| 005 | 20250312062557.0 | ||
| 008 | ||||||n9999 ||| || || | ||
| 041 | _aspa | ||
| 245 | 0 |
_aManual descriptivo de funciones y requisitos de la Escuela Superior de Administracion Publica ESAP _bResolución 1780 de 1990 |
|
| 260 |
_aBogotá : _bEscuela Superior de Administración Pública - ESAP, _c1990. |
||
| 300 | _a334h | ||
| 562 | _e1 | ||
| 650 |
_aANÁLISIS DE CARGOS _911842 |
||
| 650 | 0 |
_aBOGOTÁ (COLOMBIA)--ADMINISTRACIÓN PÚBLICA _91503 |
|
| 650 |
_aCOLOMBIA _942587 |
||
| 650 |
_aDESCRIPCION DE CARGOS _911865 |
||
| 650 | 0 |
_aESCUELA SUPERIOR DE ADMINISTRACION PUBLICA _99512 |
|
| 650 |
_aMANUAL DE FUNCIONES _95276 |
||
| 650 |
_aPLANTA DE PERSONAL _911818 |
||
| 942 | _cCOD | ||
| 999 |
_c29563 _d29563 |
||